Gymnastics / (Record no. 8132)
[ view plain ]
| 000 -LEADER | |
|---|---|
| fixed length control field | 00782nam a2200289 a 4500 |
| 001 - CONTROL NUMBER | |
| JCCL Control Number | 8132 |
| 003 - CONTROL NUMBER IDENTIFIER | |
| JCCL marc code | BD - JhCC |
| 005 - DATE AND TIME OF LATEST TRANSACTION | |
| control field | 20181205104553.0 |
| 008 - FIXED-LENGTH DATA ELEMENTS--GENERAL INFORMATION | |
| fixed length control field | 900321s1989 enkac 000 0 eng d |
| 020 ## - INTERNATIONAL STANDARD BOOK NUMBER | |
| International Standard Book Number | 0863138950 (U.K.) |
| 020 ## - INTERNATIONAL STANDARD BOOK NUMBER | |
| International Standard Book Number | 0531107701 (U.S.) |
| 035 ## - SYSTEM CONTROL NUMBER | |
| system control number | (BD-JhCC)8132 |
| 040 ## - CATALOGING SOURCE | |
| Original cataloging agency | BD-JhCC |
| Modifying agency | BD-JhCC |
| 041 ## - LANGUAGE CODE | |
| Language code of Book | eng |
| 050 #0 - LIBRARY OF CONGRESS CALL NUMBER | |
| Classification number | GV461 |
| 082 ## - DEWEY DECIMAL CLASSIFICATION NUMBER | |
| Classification number | 796.44 |
| DDC Edition number | 20 |
| Author mark and Year | BUC 1989 |
| 100 1# - MAIN ENTRY--PERSONAL NAME | |
| Personal name | Buckland, Don |
| 245 10 - TITLE STATEMENT | |
| Title | Gymnastics / |
| Statement of responsibility, etc | Don Buckland, |
| 250 ## - EDITION STATEMENT | |
| Edition statement | Rev. ed |
| 260 ## - PUBLICATION, DISTRIBUTION, ETC. (IMPRINT) | |
| Place of publication, distribution, etc | London : |
| Name of publisher, distributor, etc | Heinemann Educational books ltd., |
| Date of publication, distribution, etc | 1989 |
| 300 ## - PHYSICAL DESCRIPTION | |
| Pagination | 112 p. : |
| Other physical details | ill., ports ; |
| Dimensions | 29 cm |
| 500 ## - GENERAL NOTE | |
| General note | Previous eds.: 1st ed., 1980; rev. ed., 1982; rev. enl. ed., 1985 |
| 504 ## - BIBLIOGRAPHY, ETC. NOTE | |
| Bibliography, etc | Includes index |
| 650 #0 - SUBJECT ADDED ENTRY--TOPICAL TERM | |
| Topical term or geographic name as entry element | Gymnastics |
| 942 ## - ADDED ENTRY ELEMENTS (KOHA) | |
| Source of classification or shelving scheme | Dewey Decimal Classification |
| Koha item type | Books |
| Source of classification or shelving scheme | Damaged status | Not for loan | Home library | Current library | Shelving location | Total Checkouts | Full call number | Barcode | Date last seen | Copy number | Koha item type |
|---|---|---|---|---|---|---|---|---|---|---|---|
| Dewey Decimal Classification | JCC Rouf Library | JCC Rouf Library | General Stacks | 796.44 BUC 1989 | 10737 | 02/18/2018 | C - 1 | Books |